El derecho a la educación de niños y niñas en situacion de desplazamiento y de extrema pobreza en Colombia / (Registro nro. 29974)
[ vista simple ]
| 000 -LEADER | |
|---|---|
| fixed length control field | 01509nam a2200229Ia 4500 |
| 003 - CONTROL NUMBER IDENTIFIER | |
| control field | CO-CtgCURN |
| 005 - DATE AND TIME OF LATEST TRANSACTION | |
| control field | 20250409210216.0 |
| 008 - FIXED-LENGTH DATA ELEMENTS--GENERAL INFORMATION | |
| fixed length control field | 190724s9999 xx 000 0 und d |
| 020 ## - INTERNATIONAL STANDARD BOOK NUMBER | |
| International Standard Book Number | 967469651 |
| 040 ## - CATALOGING SOURCE | |
| Original cataloging agency | CO-CtgCURN |
| Language of cataloging | spa |
| Transcribing agency | coctgcurn |
| 082 ## - DEWEY DECIMAL CLASSIFICATION NUMBER | |
| Classification number | 372 |
| Item number | D928 |
| 110 ## - MAIN ENTRY--CORPORATE NAME | |
| Corporate name or jurisdiction name as entry element | Duo Process of Law Foundation |
| 245 #0 - TITLE STATEMENT | |
| Title | El derecho a la educación de niños y niñas en situacion de desplazamiento y de extrema pobreza en Colombia / |
| Statement of responsibility, etc. | Duo Process of Law Foundation |
| 260 ## - PUBLICATION, DISTRIBUTION, ETC. | |
| Place of publication, distribution, etc. | Bogotá, Colombia : |
| Name of publisher, distributor, etc. | Direccion Grafica, |
| Date of publication, distribution, etc. | 2005 |
| 300 ## - PHYSICAL DESCRIPTION | |
| Extent | 279 páginas ; |
| Dimensions | 22 centímetros |
| 505 ## - FORMATTED CONTENTS NOTE | |
| Formatted contents note | Propuesta para la exigibilidad y la gratuidad de la educación en Colombia -- Evaluacion del impacto de la revolucion educativa en la gratuidad de la enseñanza -- Iniciativas para incidir en las políticas públicas vinculadas a mejorar el acceso, permanencia y contenido de la educación -- Propuestas para realizar un diagnostico de la situacion de desplazamiento y de extrema pobreza en Colombia: lo que ya existe, los obstaculos, y propuestas para superarlos -- El rol del sistema judicial colombiano en el ejerccio del derecho a la educación: experiencia, critica y propuesta -- El rol del Sistema Internacional de Derechos Humanos en la protección del derecho a la educación |
| 521 ## - TARGET AUDIENCE NOTE | |
| Target audience note | AREA SOCIOHUMANISTICA |
| 590 ## - LOCAL NOTE (RLIN) | |
| Local note | Todos los programas académicos |
| 650 ## - SUBJECT ADDED ENTRY--TOPICAL TERM | |
| Topical term or geographic name entry element | educación |
| Geographic subdivision | Colombia |
| 942 ## - ADDED ENTRY ELEMENTS (KOHA) | |
| Koha item type | Libros |
| Classification part | 372 |
| Item part | D928 |
| Withdrawn status | Lost status | Damaged status | Not for loan | Collection | Home library | Current library | Shelving location | Date acquired | Inventory number | Total checkouts | Full call number | Barcode | Date last seen | Copy number | Price effective from | Koha item type |
|---|---|---|---|---|---|---|---|---|---|---|---|---|---|---|---|---|
| Miguel Henríquez Castañeda Barranquilla | Miguel Henríquez Castañeda Barranquilla | General | 05/23/2018 | 02775 | 372 D928 | 02775 | 07/25/2019 | ej.1 | 07/25/2019 | Libros |